Statistics for Countries With the Letter K in the Name

Click here to take the quiz!

General Stats

  • This quiz has been taken 31 times
  • The average score is 17 of 20

Answer Stats

K Country% Correct
Kazakhstan
100%
Pakistan
97%
Turkey
93%
Kenya
90%
Kiribati
90%
Kyrgyzstan
90%
Turkmenistan
90%
United Kingdom
90%
Uzbekistan
90%
Denmark
87%
Kosovo
87%
Kuwait
87%
North Korea
87%
South Korea
87%
Tajikistan
80%
Saint Kitts and Nevis
70%
Ukraine
70%
Burkina Faso
67%
Slovaki
67%
Sri Lanka
60%

Score Distribution

Percentile by Number Answered

Percent of People with Each Score

Your Score History

You have not taken this quiz